Statistics for Знаменитые люди по имени Александр

Click here to take the quiz!

General Stats

  • This quiz has been taken 102 times
  • The average score is 7 of 20

Answer Stats

ПодсказкаОтвет% Correct
Президент БелоруссииАлександр {Лукашенко}
87%
Царь Древней Македонии из династии Аргеадов, выдающийся полководец, создатель мировой державы, распавшейся после его смертиАлександр {Македонский}
82%
Поэт, заложивший основы русского реалистического направленияАлександр {Пушкин}
71%
Автор произведения «Горе от ума»Александр {Грибоедов}
60%
Автор романов «Граф Монте-Кристо» и «Три мушкетёра»Александр {Дюма}
55%
Полководец и основоположник русской военной теорииАлександр {Суворов}
51%
Автор произведения «Архипелаг ГУЛАГ»Александр {Солженицын}
37%
Поэт, классик русской литературы XX столетия, один из крупнейших представителей русского символизмаАлександр {Блок}
36%
Президент СербииАлександр {Вучич}
36%
Хоккеист и капитан клуба НХЛ «Вашингтон Кэпиталз»Александр {Овечкин}
35%
Футболист английского клуба «Арсенал» и сборной УкраиныАлександр {Зинченко}
25%
Актёр, снявшийся в фильмах «Иван Васильевич меняет профессию» и «Кавказская пленница, или Новые приключения Шурика»Александр {Демьяненко}
20%
Автор произведения «Путешествие из Петербурга в Москву»Александр {Радищев}
16%
Актёр, снявшийся в фильмах «С любимыми не расставайтесь» и «Обыкновенное чудо»Александр {Абдулов}
15%
Британский дизайнер модной одеждыАлександр {Маккуин}
14%
1-й Министр финансов СШААлександр {Гамильтон}
12%
Кинорежиссер, снявший фильмы «Русский ковчег» и «Солнце»Александр {Сокуров}
11%
Композитор, автор оперы «Князь Игорь»Александр {Бородин}
11%
Актёр, снявшийся в фильмах «Игла» и «Асса»Александр {Баширов}
8%
Режиссёр-мультипликатор, снявший мультфильмы «Пластилиновая ворона» и «Падал прошлогодний снег»Александр {Татарский}
2%

Score Distribution

Percentile by Number Answered

Percent of People with Each Score

Your Score History

You have not taken this quiz